Online
Catalog

Camila Henríquez Ureña : (Record no. 20170)

MARC details
000 -CABECERA
campo de control de longitud fija 01108nam a2200253 a 4500
001 - NÚMERO DE CONTROL
campo de control 000020666
005 - FECHA Y HORA DE LA ÚLTIMA TRANSACCIÓN
campo de control 20240229073921.0
008 - DATOS DE LONGITUD FIJA--INFORMACIÓN GENERAL
campo de control de longitud fija 100521s1992 dr c 000 0 spa d
040 ## - FUENTE DE LA CATALOGACIÓN
Centro catalogador/agencia de origen DO-SdBNP
Lengua de catalogación spa
Centro/agencia transcriptor BPJMB
082 ## - NÚMERO DE LA CLASIFICACIÓN DECIMAL DEWEY
Número de clasificación 928.61
Número de documento/Ítem M425c
049 ## - FONDOS LOCALES (OCLC)
Fondos de biblioteca BNPD
100 1# - ENTRADA PRINCIPAL--NOMBRE DE PERSONA
Nombre de persona Mateo, Andrés L.,
Fechas asociadas al nombre 1946-
9 (RLIN) 776
245 10 - MENCIÓN DE TÍTULO
Título Camila Henríquez Ureña :
Resto del título la virtud del anonimato /
Mención de responsabilidad, etc. Andrés L. Mateo.
260 ## - PUBLICACIÓN, DISTRIBUCIÓN, ETC.
Lugar de publicación, distribución, etc. Santo Domingo :
Nombre del editor, distribuidor, etc. UASD,
Fecha de publicación, distribución, etc. 1992.
300 ## - DESCRIPCIÓN FÍSICA
Extensión 23 p. :
Otras características físicas retrs. ;
Dimensiones 21 cm.
490 1# - MENCIÓN DE SERIE
Mención de serie Publicaciones de la Universidad Autónoma de Santo Domingo
Designación de volumen o secuencia v. 701
490 1# - MENCIÓN DE SERIE
Mención de serie Literatura y Sociedad
Designación de volumen o secuencia v. 13
500 ## - NOTA GENERAL
Nota general Incluye datos biográficos del autor en la contracubierta
500 ## - NOTA GENERAL
Nota general Edición de la comisión Permanente de la Feria Nacional del Libro y de la Universidad Autónoma de Santo Domingo, con motivo de la Feria Iberoamericana del libro
600 14 - PUNTO DE ACCESO ADICIONAL DE MATERIA--NOMBRE DE PERSONA
Nombre de persona HENRÍQUEZ UREÑA, CAMILA,
Fechas asociadas al nombre 1894-1973
9 (RLIN) 2536
650 #4 - PUNTO DE ACCESO ADICIONAL DE MATERIA--TÉRMINO DE MATERIA
Término de materia o nombre geográfico como elemento de entrada Henríquez ureña (familia)
9 (RLIN) 40787
830 #0 - PUNTO DE ACCESO ADICIONAL DE SERIE-TÍTULO UNIFORME
Título uniforme Publicaciones de la Universidad Autónoma de Santo Domingo
Número de parte o sección de la obra no. 701
9 (RLIN) 43420
830 #0 - PUNTO DE ACCESO ADICIONAL DE SERIE-TÍTULO UNIFORME
Título uniforme Literatura y Sociedad
Número de parte o sección de la obra no. 13
9 (RLIN) 43421

No items available.

Powered by Koha